000 00355pam a2200157a 44500
008 230515b1995 xxu||||| |||| 00| 0 eng d
020 _aNULL
041 _aENGLISH
082 _a630
100 _aSASTRY S S
245 _aINTRODUCTORY METHODS OF NUMERICALANALYSIS
250 _a2
260 _aDELHI
_bPITMAN
_c1995
300 _a296
650 _aNULL
999 _c651138
_d651138